Learning perl

Guardat en:
Dades bibliogràfiques
Autors principals: Schwartz, Randal L (Autor), Phoenix, Tom (Autor)
Format: Llibre
Idioma:anglès
Publicat: Beijing O'Reilly 2001
Edició:3a. ed
Matèries:
Etiquetes: Afegir etiqueta
Sense etiquetes, Sigues el primer a etiquetar aquest registre!

MARC

LEADER 00000nam a2200000 a 4500
001 UCM0131
003 CL-VaPUC
008 020125e20010700CH |||||||||||||||||eng|d
082 0 4 |a 005.133  |b SCH  |2 21 
100 0 |a Schwartz, Randal L  |e author  |9 466814 
700 0 |a Phoenix, Tom  |e author  |9 466815 
245 1 0 |a Learning perl 
250 |a 3a. ed 
300 |a 316 p 
942 |c BK 
945 |d 20020125 00:00:00  |a vberengu 
260 |a Beijing  |b O'Reilly  |c 2001 
650 0 |a Lenguajes de programación   |9 259458 
583 |a last modification  |c 20020125 00:00:00  |k Rodrigo Vera 
999 |c 299182  |d 299180 
952 |0 0  |1 0  |4 0  |6 005_133000000000000_SCH_2001  |7 0  |8 A  |9 355393  |a BIBING  |b BIBING  |d 2019-11-21  |i 3789810  |o 005.133 SCH 2001  |p 3789810  |r 2025-01-20  |w 2019-11-21  |y BK  |k CCI 
952 |0 0  |1 0  |4 0  |6 005_133000000000000_SCH_2001  |7 0  |8 A  |9 355394  |a BIBING  |b BIBING  |d 2019-11-21  |i 3789829  |o 005.133 SCH 2001  |p 3789829  |r 2025-01-20  |w 2019-11-21  |y BK  |k CCI 
952 |0 0  |1 0  |4 0  |6 005_133000000000000_SCH_2001  |7 0  |8 A  |9 355395  |a BIBING  |b BIBING  |d 2019-11-21  |i 3789837  |o 005.133 SCH 2001  |p 3789837  |r 2025-01-20  |w 2019-11-21  |y BK  |k CCI 
952 |0 0  |1 0  |4 0  |6 005_133000000000000_SCH_2001  |7 0  |8 A  |9 355396  |a BIBING  |b BIBING  |d 2019-11-21  |i 3789845  |o 005.133 SCH 2001  |p 3789845  |r 2025-01-20  |w 2019-11-21  |y BK  |k CCI